| 000 | 00821nam a2200241 i 4500 | ||
|---|---|---|---|
| 001 | bg | ||
| 100 | 1 | _aDUBEL, Krystyna | |
| 245 | 1 | 0 |
_aUwarunkowania przyrodnicze w planowaniu przestrzennym / _cKrystyna Dubel. |
| 250 | _aWyd.2 rozsz. | ||
| 260 |
_aBiałystok : _b"Ekonomia i Środowisko", _c2000. |
||
| 300 |
_a160 s., [6] k.tabl.kolor., 2 mapy luz. : _brys., mapy ; _c23 cm. |
||
| 504 | _aBibliogr. s. 122-123. | ||
| 650 | 9 |
_aPlanowanie przestrzenne a środowisko człowieka _zPolska |
|
| 650 | 9 |
_aŚrodowisko człowieka _xhigiena i ochrona _zPolska |
|
| 020 | _a838579283X | ||
| 040 | _cBPK | ||
| 041 | 0 | _apl | |
| 080 | _a711:504.03 | ||
| 920 | _a83-85792-83-X | ||
| 942 | _cKS | ||
| 008 | s pl f |000 0 pol | ||
| 999 |
_c40509 _d40509 |
||
| 856 |
_uhttp://koha.tu.koszalin.pl/cgi-bin/koha/opac-detail.pl?biblionumber=40509 _yKatalog online BPK |
||